01097 2200373 4500001002100000005001500021035002000036007000300056040001700059100002900076245010800105250000900213300004000222504002900262020002200291041000800313082001000321084001600331090002200347264003000369336002100399337003000420338002300450500002300473650001000496700003900506700003900545850001000584008004100594990002200635990002200657990002200679990002200701INLIS00000000000856520260519081513 a0010-0922001054ta aSBPUPADbind aAdi KusriantoePengarang1 aBatik :bFilosofi,Motif,dan Kegunaan /cAdi Kusrianto ;Editor,Benedicta Rini W ;Korektor,Susy Oktaviani aEd.1 axxvi,322 hlm :bilus. ;c19 x 25 cm aBibliografi, hlm 319-320 a978-979-29-4062-607aind a746.6 a746.6 ADI b a746.6 ADI b 23-10 aYogyakarta :bANDI,c2013 2rdacontentateks 2rdamediaatanpa perantara 2rdacarrieravolume aIndeks,hlm 307-317 4aBatik0 aEditor,Benedicta Rini WePengarang0 aKorektor,Susy OktavianiePengarang aPUPAD260519 0  a27.673/H/DPK/2018 a27.672/H/DPK/2018 a27.675/H/DPK/2018 a27.674/H/DPK/2018